[Event "Challenge"]
[Site "http://www.queenalice.com/game.php?id=11660"]
[Date "2005.5.1"]
[Round "-"]
[White "Knight_armor"]
[Black "Sagat"]
[Result "1-0"]
[WhiteElo "1533"]
[BlackElo "1538"]

1. e4 b6 2. Bc4 Bb7 3. Qf3 Nf6 4. d3 e6 5. Bg5 Be7 6. c3 O-O 7. Nh3 Nxe4 8. Bxe7
Nc5 9. Qxb7 Nxb7 10. Bxd8 Nxd8 11. d4 d5 12. Bd3 h6 13. Na3 a6 14. c4 dxc4 15.
Bxc4 c6 16. O-O b5 17. Bd3 f5 18. Rac1 Ra7 19. Rfe1 Rd7 20. Nc2 a5 21. Nf4 Rf6
22. a3 g5 23. Ne2 e5 24. Rcd1 e4 25. Bxe4 fxe4 26. Ng3 Rf4 27. Nxe4 Kf7 28. g3
Rf3 29. Kg2 g4 30. Ne3 Kg6 31. Nxg4 Rf8 32. Ne5+ Kg7 33. Nxd7 Nxd7 34. d5 cxd5
35. Rxd5 Nf6 36. Nxf6 Kxf6 37. Rxb5 1-0

[Event "Challenge"]
[Site "http://www.queenalice.com/game.php?id=11661"]
[Date "2005.5.1"]
[Round "-"]
[White "Knight_armor"]
[Black "nightsend"]
[Result "0-1"]
[WhiteElo "1500"]
[BlackElo "1700"]

1. e4 e5 2. Bc4 Nf6 3. Qf3 Nc6 4. c3 Bc5 5. Ne2 d5 6. exd5 e4 7. Qf4 Bd6 8. Qg5
Ne5 9. Na3 h6 10. Qxg7 Rh7 11. Qg3 Nxc4 12. Nxc4 Bxg3 13. Nxg3 Qxd5 14. Ne3 Qd3
15. a4 Be6 16. Ra3 Bc4 17. h3 O-O-O 18. b3 Nd5 19. Nxc4 Nf4 20. Rg1 Rg7 21. Ne5
Qc2 22. Ra1 Rxg3 23. fxg3 e3 24. gxf4 Rxd2 25. Ba3 Rd1+ 26. Rxd1 Qf2# 0-1

[Event "Challenge"]
[Site "http://www.queenalice.com/game.php?id=11666"]
[Date "2005.5.1"]
[Round "-"]
[White "Knight_armor"]
[Black "koshnarek"]
[Result "1-0"]
[WhiteElo "1537"]
[BlackElo "1014"]

1. e4 d5 2. Qf3 Nf6 3. exd5 Nxd5 4. Bc4 Nf6 5. h3 e5 6. Qg3 Be7 7. Qxe5 Nc6 8.
Bb5 Bd7 9. Bxc6 Bxc6 10. Nf3 h5 11. d4 Ba4 12. b3 Kf8 13. bxa4 a5 14. O-O Ra6
15. Ba3 Kg8 16. Bxe7 Qe8 17. Bxf6 Qf8 18. Be7 Qe8 19. Qxc7 Ra8 20. Na3 Ra6 21.
Rfe1 Rg6 22. Qd8 Qxd8 23. Bxd8 Kh7 24. Bxa5 Ra8 25. Nc4 Rb8 26. Nfe5 Rg5 27. Bd2
Rf5 28. Nd6 Rf6 29. Ndxf7 Rc8 30. Ng5+ Kg8 31. Nd7 Rg6 32. Rab1 Rd8 33. c4 Rxd7
34. Re8# 1-0

[Event "Challenge"]
[Site "http://www.queenalice.com/game.php?id=11668"]
[Date "2005.5.1"]
[Round "-"]
[White "Knight_armor"]
[Black "Timinator"]
[Result "0-1"]
[WhiteElo "1542"]
[BlackElo "1158"]

1. e4 Nc6 2. c3 e5 3. Bc4 Na5 4. Na3 c6 5. Qf3 Nxc4 6. Nxc4 d6 7. d3 d5 8. exd5
cxd5 9. Nxe5 Be6 10. Nh3 Bd6 11. Bf4 Bxe5 12. Bxe5 f6 13. Bd4 Bxh3 14. gxh3 Qe7+
15. Qe3 O-O-O 16. Qxe7 Nxe7 17. Bxa7 Nc6 18. Bb6 Rde8+ 19. Be3 f5 20. O-O-O Ne5
21. Rhe1 Nf3 22. Rh1 Rhf8 23. Bf4 Re2 24. c4 Rd8 25. a3 Rxf2 26. Rhf1 Rxb2 27.
Kxb2 Nd4 28. cxd5 Rxd5 29. Be3 Rb5+ 30. Kc3 Nc6 31. d4 h6 32. d5 Na5 33. Rxf5
Rb3+ 34. Kd4 Rxa3 35. Rc1+ Kb8 36. Rf8+ Ka7 37. Ke5+ Rxe3+ 38. Kd6 Rxh3 0-1

[Event "AUTO-INT-10"]
[Site "http://www.queenalice.com/game.php?id=11669"]
[Date "2005.5.1"]
[Round "1"]
[White "Knight_armor"]
[Black "Lionel"]
[Result "0-1"]
[WhiteElo "1577"]
[BlackElo "1704"]

1. e4 c5 2. Bc4 d6 3. Qf3 e6 4. Bb5+ Bd7 5. Bxd7+ Qxd7 6. Nh3 h6 7. d3 Nc6 8. c3
Nf6 9. O-O d5 10. Rd1 O-O-O 11. exd5 Qxd5 12. Qxd5 Rxd5 13. Na3 Ne5 14. Nf4 Rd7
15. d4 cxd4 16. cxd4 Neg4 17. h3 Bxa3 18. bxa3 Ne5 19. Bb2 Nc4 20. Rab1 Kb8 21.
Bc1 g5 22. Ne2 Nd5 23. Rd3 Nd6 24. f4 Ne4 25. fxg5 hxg5 26. Bb2 Rc8 27. Rc1 Rdc7
28. Rdd1 b5 29. g4 Rc2 30. Nc3 Ndxc3 31. Bxc3 Rxc1 32. Rxc1 Rxc3 33. Rb1 a6 34.
a4 Rg3+ 35. Kh2 Ra3 36. axb5 Rxa2+ 37. Kg1 Nd2 38. bxa6+ Nxb1 0-1

[Event "AUTO-INT-10"]
[Site "http://www.queenalice.com/game.php?id=11670"]
[Date "2005.5.1"]
[Round "1"]
[White "Lionel"]
[Black "Knight_armor"]
[Result "1-0"]
[WhiteElo "1614"]
[BlackElo "1547"]

1. d4 e6 2. e4 c5 3. c3 Qh4 4. Nd2 cxd4 5. cxd4 Bb4 6. Qf3 Qf6 7. a3 Qxf3 8.
Nxf3 Bxd2+ 9. Bxd2 Nc6 10. d5 Nce7 11. d6 Nc6 12. Bd3 e5 13. Rc1 Nf6 14. Bc3 a6
15. Nxe5 O-O 16. Nxc6 dxc6 17. Kd2 Re8 18. Rhe1 Re6 19. e5 Nd7 20. b4 f6 21. Bc4
Nf8 22. exf6 b5 23. Bxe6+ Nxe6 24. fxg7 Nxg7 25. Bxg7 Kxg7 26. Rxc6 Kf6 27. Re8
Kf7 28. Rexc8 Rxc8 29. Rxc8 Ke6 30. Rc6 Kd7 31. Rxa6 Ke6 32. d7+ Kxd7 33. Ra7+
1-0

[Event "AUTO-INT-10"]
[Site "http://www.queenalice.com/game.php?id=11671"]
[Date "2005.5.1"]
[Round "1"]
[White "Knight_armor"]
[Black "Psic00l"]
[Result "1-0"]
[WhiteElo "1553"]
[BlackElo "1381"]

1. e4 e5 2. Qf3 Nf6 3. h3 b6 4. Bc4 Bb7 5. d3 d5 6. exd5 Nxd5 7. Nc3 Nf6 8. Qxb7
Nbd7 9. Nb5 Bd6 10. Nxd6+ cxd6 11. Bb5 O-O 12. Bg5 h6 13. Bxf6 Nxf6 14. Nf3 Qc8
15. Qxc8 Raxc8 16. c4 e4 17. dxe4 Nxe4 18. O-O Rc5 19. Rfe1 1-0

[Event "AUTO-INT-10"]
[Site "http://www.queenalice.com/game.php?id=11672"]
[Date "2005.5.1"]
[Round "1"]
[White "Psic00l"]
[Black "Knight_armor"]
[Result "0-1"]
[WhiteElo "1381"]
[BlackElo "1565"]

1. e4 e6 2. Nf3 Bc5 3. d4 Bb6 4. b4 f6 5. e5 h6 6. c4 c6 7. exf6 Qxf6 8. Nc3 d6
9. Bd3 Bxd4 10. Nxd4 c5 11. Nb3 Qxc3+ 12. Qd2 Qxd2+ 13. Bxd2 cxb4 14. Bg6+ Ke7
15. O-O Nc6 16. Rfe1 e5 17. f4 Be6 0-1

[Event "AUTO-INT-10"]
[Site "http://www.queenalice.com/game.php?id=11673"]
[Date "2005.5.1"]
[Round "1"]
[White "Knight_armor"]
[Black "willyanF"]
[Result "1-0"]
[WhiteElo "1517"]
[BlackElo "1537"]

1. e4 e5 2. Qf3 Nf6 3. h3 b6 4. Bc4 Bb7 5. d3 Nc6 6. c3 Na5 7. Nd2 c6 8. b4 Nxc4
9. Nxc4 b5 10. Nxe5 Bd6 11. Bf4 Qe7 12. Ng4 Bxf4 13. Qxf4 Nh5 14. Qe5 Qxe5 15.
Nxe5 f6 16. Ng4 Nf4 17. Kd2 Nxg2 18. Ne2 Nh4 19. Rhg1 h5 20. Nh2 g5 21. Kc2 Ng6
22. f4 Nxf4 23. Nxf4 gxf4 24. Rgf1 Rg8 25. Kb3 Rg2 26. Nf3 Rg3 27. Nd4 Rxd3 28.
Rxf4 Rxh3 29. Rxf6 Re3 30. Rf4 Ke7 31. Nf5+ Ke6 32. Nxe3 d6 33. Rf5 h4 34. Rh5
c5 35. Rxh4 c4+ 36. Ka3 Ke5 37. Rf1 Bxe4 38. Ng4+ Kd5 39. Nf6+ Kc6 40. Nxe4 a5
41. bxa5 Rxa5+ 42. Kb2 d5 43. Rf6+ 1-0

[Event "AUTO-INT-10"]
[Site "http://www.queenalice.com/game.php?id=11674"]
[Date "2005.5.1"]
[Round "1"]
[White "willyanF"]
[Black "Knight_armor"]
[Result "1-0"]
[WhiteElo "1518"]
[BlackElo "1584"]

1. e4 e5 2. Nf3 Qf6 3. Bc4 Bc5 4. d3 h6 5. Nc3 c6 6. O-O d6 7. a3 Bg4 8. b4 Bxf3
9. Qxf3 Qxf3 10. gxf3 Bd4 11. Bd2 Nf6 12. a4 d5 13. Bb3 O-O 14. Ra3 Bxc3 15.
Bxc3 dxe4 16. fxe4 Nbd7 17. f4 Rfe8 18. fxe5 Nxe5 19. Rf5 Neg4 20. Ra1 Rad8 21.
h3 Ne3 22. Rf3 Nxe4 23. Bxf7+ Kh7 24. Bxe8 Nxc3 25. Rxe3 Nd5 26. Re6 Nf4 27. Re4
Nxh3+ 28. Kh2 Ng5 29. Re3 g6 30. Re7+ Kg8 31. Bxg6 Kf8 32. Rxb7 Rd4 33. Rf1+ Kg8
34. Rxa7 Rxb4 35. a5 Rb2 36. Kg3 Rxc2 37. Re1 1-0

[Event "Challenge"]
[Site "http://www.queenalice.com/game.php?id=11706"]
[Date "2005.5.1"]
[Round "-"]
[White "Knight_armor"]
[Black "rpina73"]
[Result "1-0"]
[WhiteElo "1570"]
[BlackElo "840"]

1. e4 Nh6 2. h3 e6 3. d4 Qf6 4. Qf3 Bb4+ 5. c3 Ba5 6. Qxf6 gxf6 7. Bxh6 b6 8. b4
Bxb4 9. cxb4 Bb7 10. Nc3 Rg8 11. Nf3 Na6 12. Bxa6 Bxa6 13. g3 Rg6 14. Be3 O-O-O
15. e5 fxe5 16. Nxe5 f6 17. Ng4 f5 18. Ne5 Rf6 19. Bg5 Rff8 20. Bxd8 Kxd8 21.
O-O-O f4 22. b5 Bb7 23. Rhg1 f3 24. d5 exd5 25. Nxd5 Rf5 26. Rge1 d6 27. Nc6+
Kd7 28. Re7+ Kc8 29. Rxc7# 1-0

[Event "Challenge"]
[Site "http://www.queenalice.com/game.php?id=12397"]
[Date "2005.5.7"]
[Round "-"]
[White "Knight_armor"]
[Black "nightsend"]
[Result "0-1"]
[WhiteElo "1537"]
[BlackElo "2019"]

1. e4 e5 2. Bc4 Nf6 3. Qf3 Nc6 4. c3 Bc5 5. d3 d6 6. h3 Be6 7. Bb5 Qd7 8. Bxc6
Qxc6 9. Bg5 Nd7 10. Ne2 d5 11. Nd2 f6 12. Be3 O-O-O 13. Bxc5 Nxc5 14. O-O dxe4
15. Qh5 Nxd3 16. b3 Nxf2 17. Nc4 Nd3 18. Rad1 b5 19. Ne3 Qc5 20. Kh2 Qxe3 21.
Ng3 Nf4 22. Rxd8+ Rxd8 23. Qxh7 Rd2 24. Qh8+ Kb7 25. Qxg7 Rxg2+ 26. Kh1 Rxg3 27.
Qxg3 Qxg3 28. Rxf4 exf4 0-1

[Event "Challenge"]
[Site "http://www.queenalice.com/game.php?id=12732"]
[Date "2005.5.11"]
[Round "-"]
[White "Knight_armor"]
[Black "EdoVillarroel"]
[Result "0-1"]
[WhiteElo "1537"]
[BlackElo "1679"]

1. e4 e6 2. d4 d5 3. e5 c5 4. Bb5+ Bd7 5. Bxd7+ Nxd7 6. Nf3 cxd4 7. a3 f6 8.
exf6 Ngxf6 9. Nxd4 e5 10. Ne6 Qb6 11. Nxf8 Rxf8 12. O-O O-O-O 13. Bg5 Qxb2 14.
Nd2 Qb6 15. Bxf6 Rxf6 16. Nf3 e4 17. Ng5 e3 18. Kh1 Ne5 19. fxe3 Rxf1+ 20. Qxf1
Qxe3 21. Qf5+ Kb8 22. Nxh7 Re8 23. h3 Nc6 24. Qxd5 Qd4 0-1

[Event "Challenge"]
[Site "http://www.queenalice.com/game.php?id=12978"]
[Date "2005.5.13"]
[Round "-"]
[White "Knight_armor"]
[Black "Gatamorta"]
[Result "0-1"]
[WhiteElo "1512"]
[BlackElo "1263"]

1. e4 e5 2. Bc4 Nf6 3. d3 Nc6 4. Bg5 Bb4+ 5. c3 Be7 6. Bxf6 Bxf6 7. Bb5 Na5 8.
h3 c6 9. Ba4 b5 10. Bb3 h5 11. Nd2 g6 12. Qf3 Nxb3 13. axb3 Bg5 14. Rd1 Bxd2+
15. Rxd2 O-O 16. Ne2 f5 17. exf5 Rxf5 18. Qg3 a5 19. Qxg6+ Kf8 20. Qh6+ Kf7 21.
Qh7+ Kf6 22. Qh6+ Ke7 23. d4 Rf6 24. Qxh5 exd4 25. Qe5+ Re6 26. Qxd4 c5 27.
Qxc5+ d6 28. Qxb5 Bd7 29. Qg5+ Rf6 30. O-O Bb5 31. Qxb5 Qb8 32. Qxb8 Rxb8 33.
Nd4 Rg8 34. Nc6+ Kd7 35. Nxa5 Rfg6 36. g3 Rg5 37. Nc4 Rh5 38. Rxd6+ Ke7 39. Re1+
Kf7 40. Ne5+ Ke7 41. Nc4+ Kf7 42. Rd7+ Kg6 0-1

[Event "Challenge"]
[Site "http://www.queenalice.com/game.php?id=13577"]
[Date "2005.5.18"]
[Round "-"]
[White "Knight_armor"]
[Black "jbrcron"]
[Result "0-1"]
[WhiteElo "1460"]
[BlackElo "1528"]

1. e4 Nc6 2. c3 e5 3. Bc4 Nf6 4. d3 d6 5. h3 d5 6. exd5 Nxd5 7. Qf3 Be6 8. Ne2
a6 9. Qg3 f6 10. f4 Qd7 11. fxe5 O-O-O 12. exf6 Nxf6 13. Bxe6 Qxe6 14. Bg5 Re8
15. Qf3 Ne5 16. Qg3 Nh5 17. Qe3 Nf6 18. O-O Be7 19. d4 Nd5 20. Qxe5 Qxe5 21.
dxe5 Bxg5 22. Rf5 Be3+ 23. Kh1 Rhf8 0-1

[Event "Challenge"]
[Site "http://www.queenalice.com/game.php?id=13579"]
[Date "2005.5.18"]
[Round "-"]
[White "Knight_armor"]
[Black "waltc"]
[Result "0-1"]
[WhiteElo "1558"]
[BlackElo "2010"]

1. e4 c5 2. Bc4 Nc6 3. c3 e6 4. d3 d5 5. exd5 exd5 6. Bb5 Nf6 7. Bxc6+ bxc6 8.
h3 Be7 9. Bg5 O-O 10. Bxf6 Bxf6 11. Ne2 Bf5 12. O-O Qc8 13. Ng3 Be6 14. Nh5 Be7
15. Nd2 Bd6 16. c4 Be5 17. Nf3 Bxb2 18. Rb1 Rb8 19. cxd5 Bxd5 20. Qc2 Bxf3 21.
Rxb2 Bxh5 22. Rfb1 Rxb2 23. Qxb2 Qd7 24. Qb8 Qxd3 25. Qb7 Bg6 26. Re1 c4 27.
Qxc6 c3 28. Re3 Qd1+ 29. Kh2 c2 0-1

[Event "Challenge"]
[Site "http://www.queenalice.com/game.php?id=14404"]
[Date "2005.5.26"]
[Round "-"]
[White "Knight_armor"]
[Black "Mowgli"]
[Result "0-1"]
[WhiteElo "1447"]
[BlackElo "1860"]

1. e4 c5 2. Bc4 d6 3. h3 Nf6 4. d3 e6 5. Qf3 Be7 6. c3 Bd7 7. Ne2 Nc6 8. O-O Ne5
9. Qg3 O-O 10. d4 Nxc4 11. Bh6 Ne8 12. Bf4 Nxb2 0-1

[Event "Challenge"]
[Site "http://www.queenalice.com/game.php?id=14408"]
[Date "2005.5.27"]
[Round "-"]
[White "Knight_armor"]
[Black "Boeing"]
[Result "0-1"]
[WhiteElo "1574"]
[BlackElo "1693"]

1. e4 e5 2. Bc4 d6 3. h3 Be6 4. Bxe6 fxe6 5. d3 Nc6 6. c3 Qf6 7. Qf3 O-O-O 8. h4
h6 9. g4 Nge7 10. Qxf6 gxf6 11. Nf3 b5 12. a3 Rg8 13. Rg1 Ng6 14. g5 hxg5 15.
hxg5 Nf4 16. Bxf4 exf4 17. gxf6 Rxg1+ 18. Nxg1 Bh6 19. Nd2 e5 20. Nh3 Rf8 21.
Nf3 Rxf6 22. O-O-O a5 23. d4 exd4 24. cxd4 b4 25. d5 Ne5 26. Nxe5 dxe5 0-1